000 00443nam a22001697a 4500
003 NUST - PNEC
005 20170116180834.0
008 150804b xxu||||| |||| 00| 0 eng d
020 _a0805369678
040 _cLIBRARY
082 _a530.142 ROS
100 _94847
_aRoss, Graham G
245 _aGrand unified theories
_cGraham G, Ross
260 _cc 1985
650 _94848
_aGrand unified theories (Nuclear physics)
_x-
942 _2ddc
_cBK
999 _c64145
_d64145